Not So Common Opera - Statistics

General Stats
  • This quiz has been taken 325 times
  • The average score is 9 of 16
Answer Stats
Hint Answer % Correct
Thaïs Jules Massenet
81%
La sonnambula Vicenzo Bellini
78%
Bastien und Bastienne Wolfgang Amadeus Mozart
78%
Rienzi, der letzte der Tribunen Richard Wagner
77%
Lulu Alban Berg
76%
Pikovaya Dama Pyotr Ilyich Tchaikovsky
73%
Death in Venice Benjamin Britten
61%
Einstein on the Beach Philip Glass
60%
Il ritorno d'Ulisse in patria Claudio Monteverdi
55%
Il mondo della luna Franz Joseph Haydn
41%
Le rossignol Igor Stravinsky
40%
La vida breve Manuel de Falla
40%
Les mames de Tirésias Francis Poulenc
39%
The Medium Gian Carlo Menotti
37%
Le grand macabre György Ligeti
31%
Donnerstag aus Licht Karlheinz Stockhausen
25%
No matching quizzes found
Score Distribution
Percent of People with Each Score
Percentile by Number Answered
Your Score History
You have not taken this quiz